|
|
|
|
| LEADER |
00000cam a22000004a 4500 |
| 001 |
musev2_79196 |
| 003 |
MdBmJHUP |
| 005 |
20230905052149.0 |
| 006 |
m o d |
| 007 |
cr||||||||nn|n |
| 008 |
891207s1949 miu o 00 0 eng d |
| 020 |
|
|
|a 9781951538507
|
| 020 |
|
|
|z 9781949098518
|
| 035 |
|
|
|a (OCoLC)1273307724
|
| 040 |
|
|
|a MdBmJHUP
|c MdBmJHUP
|
| 100 |
1 |
|
|a Witthoft, John,
|e author.
|
| 245 |
1 |
0 |
|a Green Corn Ceremonialism in the Eastern Woodlands
|
| 264 |
|
1 |
|a Ann Arbor, Michigan :
|b Museum of Anthropology, University of Michigan,
|c 1949.
|
| 264 |
|
3 |
|a Baltimore, Md. :
|b Project MUSE,
|c 2021
|
| 264 |
|
4 |
|c ©1949.
|
| 300 |
|
|
|a 1 online resource (97 pages).
|
| 336 |
|
|
|a text
|b txt
|2 rdacontent
|
| 337 |
|
|
|a computer
|b c
|2 rdamedia
|
| 338 |
|
|
|a online resource
|b cr
|2 rdacarrier
|
| 490 |
0 |
|
|a Michigan. University. Museum of Anthropology. Occasional contributions, no.13
|
| 588 |
|
|
|a Description based on print version record.
|
| 650 |
|
7 |
|a Indians of North America
|x Rites and ceremonies
|2 fast
|0 (OCoLC)fst00969895
|
| 650 |
|
7 |
|a Corn
|2 fast
|0 (OCoLC)fst00878993
|
| 650 |
|
0 |
|a Corn.
|
| 650 |
|
0 |
|a Indians of North America
|x Rites and ceremonies.
|
| 655 |
|
7 |
|a Electronic books.
|2 local
|
| 710 |
2 |
|
|a University of Michigan.
|b Museum of Anthropology,
|e publisher.
|
| 710 |
2 |
|
|a Michigan Publishing (University of Michigan),
|e issuing body.
|
| 710 |
2 |
|
|a Project Muse.
|e distributor
|
| 830 |
|
0 |
|a Book collections on Project MUSE.
|
| 856 |
4 |
0 |
|z Texto completo
|u https://projectmuse.uam.elogim.com/book/79196/
|
| 945 |
|
|
|a Project MUSE - Custom Collection
|